Κατάλογος Βιβλιοθηκών Mediterranean College

Human Resource Management / Fourth Edition (Record no. 968)

MARC details
000 -LEADER
fixed length control field 02455cam a22002294a 4500
005 - ΗΜΕΡΟΜΗΝΙΑ ΚΑΙ ΩΡΑ ΤΕΛΕΥΤΑΙΑΣ ΕΝΗΜΕΡΩΣΗΣ
Πεδίο ελέγχου 20250605163951.0
008 - FIXED-LENGTH DATA ELEMENTS--GENERAL INFORMATION
Πεδίο ελέγχου σταθερού μήκους 250528s ||||||||||||||||||||||||d
035 ## - SYSTEM CONTROL NUMBER
System control number 15383
020 ## - ISBN
ISBN 136265324
040 ## - ΠΗΓΗ ΚΑΤΑΛΟΓΟΓΡΑΦΗΣΗΣ
Φορέας πρωτότυπης καταλογογράφησης MC Athens Campus Library
Γλώσσα καταλογογράφησης Ελληνικά, Μοντέρνα (1453-)
Modifying agency MC Athens Campus Library
Κανόνες περιγραφικής καταλογογράφησης AACR2
245 1# - ΤΙΤΛΟΣ ΚΑΙ ΔΗΛΩΣΗ ΥΠΕΥΘΥΝΟΤΗΤΑΣ
Τίτλος Human Resource Management / Fourth Edition
250 ## - EDITION STATEMENT
Edition statement 4th
260 ## - PUBLICATION, DISTRIBUTION, ETC.
Name of publisher, distributor, etc. Prentice Hall,
Date of publication, distribution, etc. 1998
300 ## - PHYSICAL DESCRIPTION
Extent 718
505 0# - FORMATTED CONTENTS NOTE
Formatted contents note Introduction, The Nature of Personnel and Human Resource Management, Human Resource strategy, Organisation, Strategic Aspects of Organisation, Planning: Jobs and People, Structure and Culture, Organisational Communication and Systems, Information, Interactive Skill: Presentation, Resourcing, Strategic Aspects of Resourcing, Contracts of Employment and Contractors and Consultants, Recruitment, Selection Methods and Decisions, Ending the Employment Contract, Interactive Skill: Selection Interviewing, Performance, Strategic Aspects of Performance, Organisational Performance, Managing Individual Performance, Team Performance, Managing Diversity, Development, Competence and Competencies and NVQs, Management Development, Career Development, Involvement, Trade Union Recognition and Consultation, Health and Safety and Welfare, Grievance and Discipline, Pay, Job Evaluation, Pensions and Sick Pay, Ethics, Personnel and Ethics and Human Resource Management.
520 ## - SUMMARY, ETC.
Summary, etc. Introduction, The Nature of Personnel and Human Resource Management, Human Resource strategy, Organisation, Strategic Aspects of Organisation, Planning: Jobs and People, Structure and Culture, Organisational Communication and Systems, Information, Interactive Skill: Presentation, Resourcing, Strategic Aspects of Resourcing, Contracts of Employment and Contractors and Consultants, Recruitment, Selection Methods and Decisions, Ending the Employment Contract, Interactive Skill: Selection Interviewing, Performance, Strategic Aspects of Performance, Organisational Performance, Managing Individual Performance, Team Performance, Managing Diversity, Development, Competence and Competencies and NVQs, Management Development, Career Development, Involvement, Trade Union Recognition and Consultation, Health and Safety and Welfare, Grievance and Discipline, Pay, Job Evaluation, Pensions and Sick Pay, Ethics, Personnel and Ethics and Human Resource Management.
700 1# - ΠΡΟΣΘΕΤΗ ΑΝΑΓΡΑΦΗ--ΦΥΣΙΚΟ ΠΡΟΣΩΠΟ
Personal name Hall Laura
9 (RLIN) 1266
700 1# - ΠΡΟΣΘΕΤΗ ΑΝΑΓΡΑΦΗ--ΦΥΣΙΚΟ ΠΡΟΣΩΠΟ
Personal name Torrington Derek
9 (RLIN) 1267
942 ## - ADDED ENTRY ELEMENTS (KOHA)
Koha item type Books
Holdings
Τύπος τεκμηρίου Βιβλιοθήκη Τρέχουσα τοποθεσία Barcode Αριθμός εισαγωγής Ημερομηνία απόκτησης Ταξιθετικό σύμβολο Αριθμός αντιτύπου Κατάσταση απόσυρσης Κατάσταση χαμένου Κατάσταση κατεστραμμένου Μη δανεισμός Σύνολο δανεισμών Ημερομηνία τελευταίας εμφάνισης Η τιμή ισχύει από
Books MC Athens Campus Library MC Athens Campus Library 9780000009678 1637 05/06/2025 658.3 TOR 2           05/06/2025 05/06/2025

MC Athens Campus Library
Πατησίων 94 & Κοδριγκτώνος 13, 104 34
Πελλήνης 8 & Πατησίων 107, 112 51
Τ: +30 210 8899600

MC Thessaloniki Campus Library
Ίωνος Δραγούμη 21, 54625 | Ίωνος Δραγούμη 15, 54625
Τ: +30 2310 287779 – Τ: +30 2314 440300